[Event "ODEM U25 2010"]
[Site "Oberhof GER"]
[Date "2010.05.25"]
[Round "4"]
[White "Ehlers, Michael"]
[Black "Zuferi, Enis"]
[Result "0-1"]
[Termination "normal"]
[Board "7"]
[WhiteElo "1958"]
[BlackElo "1853"]
[PlyCount "72"]
[WhiteFideId "4674537"]
[BlackFideId "24692530"]
[EventCountry "GER"]
[EventRounds "9"]
[EventType "swiss"]
[EventDate "2010.05.22"]

1. e4 c5 2. Nf3 d6 3. d4 cxd4 4. Nxd4 Nf6 5. Nc3 a6 6. Be2 e5 7. Nb3 Be6 8. O-O
b5 9. f3 Be7 10. Nd5 Bxd5 11. exd5 Nbd7 12. a4 Qb6+ 13. Kh1 O-O 14. Qd3 b4 15.
Rd1 Rfc8 16. Bg5 Qc7 17. Bxf6 Bxf6 18. Rac1 Bg5 19. Nd2 Nc5 20. Qf5 Bxd2 21.
Rxd2 Nb3 22. Rcd1 Nxd2 23. Rxd2 g6 24. Qg4 Qb6 25. Bd3 b3 26. c3 Qe3 27. Rd1
Qf2 28. Rb1 Qd2 29. Be4 Rf8 30. Qd7 f5 31. Qe6+ Kg7 32. Qxd6 Rae8 33. Qd7+ Kh8
34. Bxf5 gxf5 35. Qb7 Rg8 36. Rg1 Rxg2 0-1

[Event "ODEM U25 2010"]
[Site "Oberhof GER"]
[Date "2010.05.25"]
[Round "4"]
[White "Baier, Christoph"]
[Black "Bulygin, Anton"]
[Result "1/2-1/2"]
[Termination "normal"]
[Board "8"]
[WhiteElo "1841"]
[BlackElo "2051"]
[PlyCount "139"]
[WhiteFideId "24655759"]
[BlackFideId "24143022"]
[EventCountry "GER"]
[EventRounds "9"]
[EventType "swiss"]
[EventDate "2010.05.22"]

1. d4 Nf6 2. c4 g6 3. Nc3 Bg7 4. e4 d6 5. Nf3 O-O 6. Be2 Nbd7 7. O-O c6 8. h3
e5 9. dxe5 dxe5 10. Bg5 Qc7 11. Qc2 Nh5 12. Rad1 h6 13. Be7 Re8 14. Bd6 Qd8 15.
c5 Nf4 16. Bc4 Qf6 17. Nh2 Nf8 18. Rd2 Qg5 19. g3 Bxh3 20. Rfd1 N4e6 21. Qb3 b5
22. cxb6 axb6 23. Bxe6 Nxe6 24. Qxb6 Nd4 25. Ne2 Bg4 26. Nxg4 Nf3+ 27. Kg2 Nxd2
28. Ne3 Nxe4 29. Qxc6 Nxd6 30. Rxd6 Red8 31. Nc3 Bf8 32. Rxd8 Qxd8 33. Ned5 Rb8
34. b3 Qd6 35. Qc4 Qe6 36. a4 Kg7 37. Nb5 Rc8 38. Qe4 Rc5 39. Nbc7 Qf5 40. Qxf5
gxf5 41. b4 Rc4 42. Na6 Rd4 43. Ne3 Kg6 44. a5 Bxb4 45. Nc2 Bxa5 46. Nxd4 exd4
47. Nc5 Bc7 48. Nd3 Kg5 49. f4+ Kf6 50. Kf3 Ke6 51. Ke2 Kd5 52. Kd1 Bd6 53. Ne1
Ke4 54. Ke2 h5 55. Nd3 h4 56. gxh4 Bxf4 57. Nf2+ Ke5 58. Nd3+ Ke4 59. Nf2+ Kd5
60. h5 Ke6 61. Kf3 Be3 62. Nd1 Bc1 63. Ke2 f4 64. Nf2 f5 65. Nd3 Be3 66. h6 f3+
67. Kxf3 Bxh6 68. Ne1 Bg5 69. Ke2 Kf6 70. Nc2 1/2-1/2

[Event "ODEM U25 2010"]
[Site "Oberhof GER"]
[Date "2010.05.25"]
[Round "4"]
[White "Künstler, Christian"]
[Black "Eigemann, Julian"]
[Result "1-0"]
[Termination "normal"]
[Board "9"]
[WhiteElo "2005"]
[BlackElo "1841"]
[PlyCount "95"]
[WhiteFideId "24602361"]
[BlackFideId "24666599"]
[EventCountry "GER"]
[EventRounds "9"]
[EventType "swiss"]
[EventDate "2010.05.22"]

1. d4 Nf6 2. c4 g6 3. Nc3 Bg7 4. e4 d6 5. Nf3 O-O 6. Be2 e5 7. Be3 Nc6 8. d5
Ne7 9. Nd2 Ne8 10. O-O f5 11. f3 f4 12. Bf2 g5 13. b4 Ng6 14. c5 Rf7 15. cxd6
cxd6 16. Nb5 b6 17. a4 a6 18. Na3 h5 19. Rc1 Rb8 20. Rc6 Bd7 21. Bxa6 Bxc6 22.
dxc6 Ra7 23. Bc4+ Kh7 24. b5 Nf6 25. Bd5 Ne7 26. Ndc4 Nfxd5 27. exd5 Nc8 28. a5
Raa8 29. Qd3+ Kh6 30. Rb1 g4 31. Kh1 Bf6 32. Qf5 Bg5 33. fxg4 hxg4 34. Qxg4 Qf6
35. h4 e4 36. Qxg5+ Qxg5 37. hxg5+ Kxg5 38. axb6 Ra4 39. b7 Ne7 40. Rd1 e3 41.
Be1 f3 42. gxf3 Kf4 43. Bc3 Kxf3 44. Rf1+ Ke2 45. Re1+ Kf2 46. Rxe3 Rxa3 47.
Be1+ Kf1 48. Nd2# 1-0

[Event "ODEM U25 2010"]
[Site "Oberhof GER"]
[Date "2010.05.25"]
[Round "4"]
[White "Hundt, Fabian"]
[Black "Meiser, Michael"]
[Result "0-1"]
[Termination "normal"]
[Board "10"]
[WhiteElo "1948"]
[BlackElo "1967"]
[PlyCount "98"]
[WhiteFideId "4645294"]
[BlackFideId "24659762"]
[EventCountry "GER"]
[EventRounds "9"]
[EventType "swiss"]
[EventDate "2010.05.22"]

1. Nf3 Nf6 2. d4 g6 3. c4 Bg7 4. Nc3 O-O 5. e4 d6 6. Be2 Nbd7 7. O-O e5 8. d5
h6 9. Qc2 Nh7 10. Na4 f5 11. Nd2 Ndf6 12. f3 Nh5 13. c5 Bd7 14. b4 Nf4 15. Rf2
Nf6 16. Bf1 fxe4 17. Nxe4 Bf5 18. Bxf4 exf4 19. Rd1 Bxe4 20. fxe4 Ng4 21. Rf3
Ne3 22. Rxe3 fxe3 23. e5 Rf2 24. Qe4 Qg5 25. h4 Qf4 26. Qxf4 Rxf4 27. cxd6 cxd6
28. exd6 b6 29. d7 Rd8 30. Rc1 Rxd7 31. Bc4 Kf8 32. Bb5 Rxd5 33. Rc8+ Ke7 34.
Rc7+ Kd8 35. Rxg7 Rxb5 36. Nc3 Rbxb4 37. Rg8+ Kd7 38. Rg7+ Kd8 39. Rg8+ Kd7 40.
Rg7+ Kc8 41. Nd5 Rb1+ 42. Kh2 Re4 43. Rg8+ Kb7 44. Rg7+ Kc6 45. Nc3 e2 46.
Rxg6+ Kb7 47. Nxe4 e1=Q 48. Nd6+ Ka6 49. Rg4 Qe5+ 0-1

[Event "ODEM U25 2010"]
[Site "Oberhof GER"]
[Date "2010.05.25"]
[Round "4"]
[White "Lehmann, Ruben"]
[Black "Arps, Jan-Philipp"]
[Result "1-0"]
[Termination "normal"]
[Board "11"]
[WhiteElo "1851"]
[BlackElo "2013"]
[PlyCount "67"]
[WhiteFideId "24671177"]
[BlackFideId "24645680"]
[EventCountry "GER"]
[EventRounds "9"]
[EventType "swiss"]
[EventDate "2010.05.22"]

1. d4 Nf6 2. Nf3 g6 3. c4 c5 4. d5 e6 5. Nc3 exd5 6. cxd5 d6 7. h3 Bg7 8. e4
O-O 9. Bf4 b5 10. Bxb5 Nxe4 11. Nxe4 Qa5+ 12. Qd2 Qxb5 13. Nxd6 Qxb2 14. Qxb2
Bxb2 15. Rb1 Bc3+ 16. Kd1 Ba6 17. Ne4 Bg7 18. Rc1 c4 19. Nfd2 Rd8 20. d6 f5 21.
Nc5 c3 22. Nf3 Bc4 23. Ng5 Bxa2 24. Nge6 Rc8 25. Nc7 Nc6 26. Nxa8 Rxa8 27. Re1
Rd8 28. d7 Bf7 29. Bg5 Ra8 30. Ne6 Bd4 31. Nxd4 Nxd4 32. Rxc3 Bb3+ 33. Rxb3
Nxb3 34. Re8+ 1-0

[Event "ODEM U25 2010"]
[Site "Oberhof GER"]
[Date "2010.05.25"]
[Round "4"]
[White "Siebarth, Marco"]
[Black "Mainik, Philipp"]
[Result "1-0"]
[Termination "normal"]
[Board "12"]
[WhiteElo "2049"]
[BlackElo "1716"]
[PlyCount "79"]
[WhiteFideId "24604330"]
[BlackFideId "4638646"]
[EventCountry "GER"]
[EventRounds "9"]
[EventType "swiss"]
[EventDate "2010.05.22"]

1. f4 e5 2. fxe5 d6 3. Nf3 dxe5 4. e4 Bc5 5. Nc3 Nc6 6. Bc4 Bg4 7. h3 Bh5 8. g4
Bg6 9. d3 Nd4 10. Nxd4 Qh4+ 11. Ke2 Bxd4 12. Qe1 Qe7 13. Nd5 Qd7 14. c3 Bc5 15.
Qg3 f6 16. b4 Bd6 17. a4 h5 18. Bd2 Bf7 19. a5 c6 20. Ne3 g6 21. Bxf7+ Qxf7 22.
Nc4 Bc7 23. Be3 Ne7 24. Raf1 Nc8 25. Qf2 hxg4 26. Qxf6 Qxf6 27. Rxf6 Ne7 28.
Bc5 Rxh3 29. Rxh3 gxh3 30. Rf3 h2 31. Rh3 b6 32. Rxh2 Nc8 33. Rh8+ Kd7 34. Rh7+
Kd8 35. Be3 b5 36. Bg5+ Ke8 37. Ne3 Bd6 38. Ng4 a6 39. Nf6+ Kd8 40. Rd7# 1-0

[Event "ODEM U25 2010"]
[Site "Oberhof GER"]
[Date "2010.05.25"]
[Round "4"]
[White "Höpfner, Tim"]
[Black "Remy, Janina"]
[Result "0-1"]
[Termination "normal"]
[Board "13"]
[WhiteElo "1877"]
[BlackElo "1989"]
[PlyCount "98"]
[WhiteFideId "4638310"]
[BlackFideId "24627348"]
[EventCountry "GER"]
[EventRounds "9"]
[EventType "swiss"]
[EventDate "2010.05.22"]

1. d4 Nf6 2. c4 g6 3. Nc3 Bg7 4. e4 d6 5. f3 O-O 6. Be3 Nbd7 7. Nh3 a6 8. Nf2
c5 9. d5 Qc7 10. Nd3 b5 11. cxb5 axb5 12. a3 Ba6 13. Be2 Rfb8 14. Rc1 b4 15.
axb4 Bxd3 16. Bxd3 Rxb4 17. Qe2 Ne5 18. Nd1 Nxd3+ 19. Qxd3 Nd7 20. Rc2 Qb7 21.
Qe2 Rb8 22. Bg5 Nb6 23. O-O Na4 24. Bc1 Nxb2 25. Nxb2 Bxb2 26. Bxb2 Rxb2 27.
Rfc1 Qb4 28. Kf2 Qd4+ 29. Kg3 Qe5+ 30. Kh3 R2b3 31. g3 R8b4 32. Kg2 Ra3 33. Rd1
Ra1 34. Rxa1 Qxa1 35. Ra2 Qc1 36. Rc2 Qb1 37. f4 Rd4 38. Rb2 Qxe4+ 39. Qxe4
Rxe4 40. Rd2 Kg7 41. Kf3 f5 42. g4 Kf6 43. g5+ Kf7 44. Rd3 Rd4 45. Rxd4 cxd4
46. Ke2 e5 47. dxe6+ Kxe6 48. Kd3 Kd5 49. h3 Kc5 0-1

[Event "ODEM U25 2010"]
[Site "Oberhof GER"]
[Date "2010.05.25"]
[Round "4"]
[White "Huhnstock, Rico"]
[Black "Schneider, Johannes"]
[Result "1-0"]
[Termination "normal"]
[Board "14"]
[WhiteElo "1918"]
[BlackElo "1801"]
[PlyCount "83"]
[WhiteFideId "24642932"]
[BlackFideId "24687260"]
[EventCountry "GER"]
[EventRounds "9"]
[EventType "swiss"]
[EventDate "2010.05.22"]

1. e4 c5 2. Nc3 e6 3. f4 a6 4. a4 b6 5. Nf3 Bb7 6. Be2 d6 7. O-O Nd7 8. d4 cxd4
9. Nxd4 Ngf6 10. Bf3 Nc5 11. Qe2 d5 12. e5 Nfe4 13. Bxe4 Nxe4 14. Nxe4 dxe4 15.
Be3 Bc5 16. Rad1 Qc7 17. c3 Bxd4 18. Rxd4 O-O 19. Rb4 b5 20. axb5 axb5 21. Qxb5
Ba6 22. Qc5 Qxc5 23. Bxc5 Bxf1 24. Bxf8 Bd3 25. Bc5 f5 26. Rb6 Ra6 27. Rxa6
Bxa6 28. Kf2 Kf7 29. Ke3 Ke8 30. Kd4 Kd7 31. c4 Kc6 32. b4 Kd7 33. Kc3 g6 34.
Be3 Bb7 35. b5 Kc7 36. c5 Bd5 37. Kb4 Kb8 38. c6 Kc7 39. Kc5 h6 40. b6+ Kc8 41.
Kd6 h5 42. b7+ 1-0

[Event "ODEM U25 2010"]
[Site "Oberhof GER"]
[Date "2010.05.25"]
[Round "4"]
[White "Simon, Christopher"]
[Black "Hartzendorf, Jonathan"]
[Result "1-0"]
[Termination "normal"]
[Board "15"]
[WhiteElo "1922"]
[BlackElo "1671"]
[PlyCount "101"]
[WhiteFideId "24618772"]
[BlackFideId "24660990"]
[EventCountry "GER"]
[EventRounds "9"]
[EventType "swiss"]
[EventDate "2010.05.22"]

1. e4 e6 2. b3 d5 3. Bb2 Nf6 4. e5 Nfd7 5. f4 c5 6. Qg4 Nc6 7. Nf3 Ne7 8. Be2
Nf5 9. Nc3 a6 10. O-O Be7 11. Qh3 Nf8 12. g4 Nh6 13. Nd1 Ng6 14. Qg3 b5 15. c3
Bb7 16. d4 c4 17. Ne3 Bc8 18. Bd1 Bd7 19. Bc2 Qc8 20. Nd2 Nh4 21. f5 Bg5 22.
fxe6 Bxe6 23. h3 Bxe3+ 24. Qxe3 Bxg4 25. hxg4 Qxg4+ 26. Kf2 Qg2+ 27. Ke1 O-O-O
28. Qf2 Qg5 29. Kd1 Ng2 30. Kc1 Ne3 31. Qf4 Qxf4 32. Rxf4 g5 33. Rf6 Nhg4 34.
Rxa6 h5 35. Nf3 Kb7 36. Ra5 Kb6 37. b4 Rdg8 38. a4 bxa4 39. Bxa4 h4 40. Rb5+
Kc7 41. Rc5+ Kd8 42. Bb5 Ke7 43. Rc7+ Kf8 44. Ra8+ Kg7 45. Rxg8+ Rxg8 46. Nxg5
Rf8 47. e6 Nf5 48. exf7 Kg6 49. Nh3 Nge3 50. Bd7 Rxf7 51. Be8 1-0

[Event "ODEM U25 2010"]
[Site "Oberhof GER"]
[Date "2010.05.25"]
[Round "4"]
[White "Wang, Julia"]
[Black "Siegl, Pascal"]
[Result "0-1"]
[Termination "normal"]
[Board "17"]
[WhiteElo "1722"]
[BlackElo "1595"]
[PlyCount "80"]
[WhiteFideId "24692565"]
[BlackFideId "24657069"]
[EventCountry "GER"]
[EventRounds "9"]
[EventType "swiss"]
[EventDate "2010.05.22"]

1. e4 e5 2. f4 exf4 3. Nf3 g5 4. h4 g4 5. Ne5 h5 6. Bc4 Nh6 7. d4 d6 8. Nd3 f3
9. gxf3 g3 10. Nf4 Rg8 11. Qe2 Be7 12. Ng2 Rg6 13. Nc3 c6 14. d5 Nd7 15. Bf4
Nc5 16. O-O-O b5 17. Bd3 Nxd3+ 18. Qxd3 b4 19. Ne2 Qa5 20. b3 Ba6 21. Qe3 Bxe2
22. Qxe2 Qxa2 23. Qc4 c5 24. e5 Nf5 25. exd6 Nxd6 26. Qxc5 Rc8 27. Bxd6 Rxc5
28. Bxc5 Qa1+ 29. Kd2 Qc3+ 30. Kc1 Bxc5 31. Rhe1+ Kd7 32. Rd3 Qf6 33. Re4 Qa1+
34. Kd2 Qf1 35. Re2 Bf2 36. Ne3 Bxe3+ 37. Rdxe3 g2 38. Re7+ Kd6 39. Rxa7 g1=Q
40. Ra6+ Kd7 0-1

[Event "ODEM U25 2010"]
[Site "Oberhof GER"]
[Date "2010.05.25"]
[Round "4"]
[White "Veit, Björn"]
[Black "Hartewig, Philipp"]
[Result "1-0"]
[Termination "normal"]
[Board "18"]
[WhiteElo "1742"]
[BlackElo "1650"]
[PlyCount "56"]
[WhiteFideId "24600717"]
[BlackFideId "1270639"]
[EventCountry "GER"]
[EventRounds "9"]
[EventType "swiss"]
[EventDate "2010.05.22"]

1. Nc3 d5 2. e4 d4 3. Nce2 c5 4. Ng3 g6 5. Nf3 Bg7 6. Bc4 a6 7. a4 Nc6 8. O-O
e5 9. d3 Nf6 10. Ng5 O-O 11. f4 h6 12. Nf3 Bg4 13. h3 Bxf3 14. Qxf3 Kh7 15. f5
Na5 16. Ba2 b5 17. axb5 axb5 18. Bd2 Qc7 19. Ne2 Ng8 20. Bd5 Ra7 21. Bxa5 Rxa5
22. Rxa5 Qxa5 23. Bxf7 g5 24. Qh5 Nf6 25. Qg6+ Kh8 26. Ng3 Qd2 27. Nh5 Nxh5 28.
Qxh5 Qxc2 1-0

[Event "ODEM U25 2010"]
[Site "Oberhof GER"]
[Date "2010.05.25"]
[Round "4"]
[White "Matschewsky, Justus"]
[Black "Bingert, Tim Niklas"]
[Result "1/2-1/2"]
[Termination "normal"]
[Board "19"]
[WhiteElo "1727"]
[BlackElo "1411"]
[PlyCount "87"]
[WhiteFideId "24678708"]
[BlackFideId "12917907"]
[EventCountry "GER"]
[EventRounds "9"]
[EventType "swiss"]
[EventDate "2010.05.22"]

1. e4 c5 2. Nf3 Nc6 3. d4 cxd4 4. Nxd4 g6 5. Nc3 Bg7 6. Be3 Nf6 7. Be2 O-O 8.
O-O d5 9. exd5 Nxd5 10. Nxd5 Qxd5 11. Bf3 Qc4 12. Nxc6 bxc6 13. c3 Be6 14. Be2
Qd5 15. Qa4 Qd7 16. Rfd1 Qc7 17. Bf3 Rfc8 18. Rd2 a5 19. Rad1 Ra6 20. c4 Raa8
21. c5 Qb7 22. b3 Qa6 23. Bg5 Qb7 24. Bg4 f5 25. Bf3 Rc7 26. Rd8+ Kf7 27. Bf4
Rd7 28. R1xd7 Bxd7 29. Rxa8 Qxa8 30. Bc7 Qa6 31. Qxa5 Qd3 32. Qe1 Bd4 33. Be2
Qc2 34. Bc4+ e6 35. Bd6 Qxa2 36. h3 Qa1 37. Kf1 Kf6 38. Qxa1 Bxa1 39. Ke2 Be5
40. Bxe5+ Kxe5 41. Ke3 g5 42. Kd3 Kf4 43. Kd4 e5+ 44. Kd3 1/2-1/2

[Event "ODEM U25 2010"]
[Site "Oberhof GER"]
[Date "2010.05.25"]
[Round "4"]
[White "Yin, Stanley"]
[Black "Kast, Joannis"]
[Result "1/2-1/2"]
[Termination "normal"]
[Board "20"]
[WhiteElo "1976"]
[BlackElo "1733"]
[PlyCount "68"]
[WhiteFideId "24622729"]
[BlackFideId "24698776"]
[EventCountry "GER"]
[EventRounds "9"]
[EventType "swiss"]
[EventDate "2010.05.22"]

1. g3 Nf6 2. c3 d5 3. Na3 e5 4. Bg2 c6 5. Nc2 Bd6 6. d3 Bf5 7. Nf3 Nbd7 8. O-O
O-O 9. Nd2 Re8 10. Kh1 e4 11. dxe4 Nxe4 12. Nxe4 Bxe4 13. f3 Bg6 14. e4 Nf6 15.
Bg5 dxe4 16. fxe4 Be5 17. Nd4 Qc7 18. Nf5 Rad8 19. Qf3 Rd7 20. Nxg7 Kxg7 21.
Bxf6+ Bxf6 22. Qxf6+ Kg8 23. Rae1 Qe5 24. Qf2 b6 25. g4 Rde7 26. h4 h5 27. gxh5
Qxh5 28. Bf3 Qh7 29. Rg1 Kf8 30. e5 Rxe5 31. Rxe5 Rxe5 32. Qd4 Be4 33. Qd8+ Re8
34. Qd6+ Re7 1/2-1/2

[Event "ODEM U25 2010"]
[Site "Oberhof GER"]
[Date "2010.05.25"]
[Round "4"]
[White "Holle, Eric"]
[Black "Velina, Valeria"]
[Result "1/2-1/2"]
[Termination "normal"]
[Board "21"]
[WhiteElo "1694"]
[BlackElo "1776"]
[PlyCount "68"]
[WhiteFideId "4624610"]
[BlackFideId "24677345"]
[EventCountry "GER"]
[EventRounds "9"]
[EventType "swiss"]
[EventDate "2010.05.22"]

1. e4 d5 2. exd5 Qxd5 3. Nc3 Qd6 4. d4 Nf6 5. Nf3 c6 6. g3 Bg4 7. Bg2 e6 8. h3
Bh5 9. g4 Bg6 10. Ne5 Nbd7 11. Qe2 Qxd4 12. Nxg6 hxg6 13. O-O Qd6 14. Qf3 Ne5
15. Qg3 Qc7 16. Bf4 Bd6 17. Rad1 Nf3+ 18. Qxf3 Bxf4 19. Rd3 Ke7 20. Rfd1 Rad8
21. Ne4 Nd5 22. c4 Nb4 23. Rxd8 Rxd8 24. Rxd8 Kxd8 25. Qa3 a5 26. Qc3 Nxa2 27.
Qxg7 Qe7 28. c5 Nb4 29. Qh8+ Kc7 30. Qa8 Na6 31. Bf3 Qd8 32. Qa7 Qb8 33. Qb6+
Kd7 34. Qxa5 Qc7 1/2-1/2

[Event "ODEM U25 2010"]
[Site "Oberhof GER"]
[Date "2010.05.25"]
[Round "4"]
[White "Celmer, Ole"]
[Black "Wachinger, David"]
[Result "1-0"]
[Termination "normal"]
[Board "22"]
[WhiteElo "1671"]
[BlackElo "1500"]
[PlyCount "45"]
[WhiteFideId "24657107"]
[BlackFideId "24692689"]
[EventCountry "GER"]
[EventRounds "9"]
[EventType "swiss"]
[EventDate "2010.05.22"]

1. e4 c6 2. Nf3 d5 3. exd5 cxd5 4. Ne5 Nf6 5. d4 Nbd7 6. c3 e6 7. Bd3 Bd6 8.
Bf4 Qc7 9. Qe2 a6 10. a4 Rb8 11. O-O O-O 12. Nd2 Bxe5 13. dxe5 Nc5 14. Bc2 Rd8
15. Bg3 Nfe4 16. Nxe4 Nxe4 17. Bxe4 dxe4 18. Rad1 b5 19. Rxd8+ Qxd8 20. Rd1 Qc7
21. Qxe4 bxa4 22. Qxa4 Rxb2 23. Qe8# 1-0

[Event "ODEM U25 2010"]
[Site "Oberhof GER"]
[Date "2010.05.25"]
[Round "4"]
[White "Luther, Alexander"]
[Black "Leddin, Mathias"]
[Result "1-0"]
[Termination "normal"]
[Board "23"]
[WhiteElo "1944"]
[BlackElo "1672"]
[PlyCount "75"]
[WhiteFideId "24682616"]
[BlackFideId "4654684"]
[EventCountry "GER"]
[EventRounds "9"]
[EventType "swiss"]
[EventDate "2010.05.22"]

1. e4 e5 2. Nf3 Nc6 3. Bc4 h6 4. O-O Nf6 5. Re1 d6 6. h3 Be6 7. Bxe6 fxe6 8.
Nc3 Qd7 9. d4 exd4 10. Nxd4 O-O-O 11. Be3 Nxd4 12. Qxd4 b6 13. a4 Kb7 14. a5
Be7 15. Qd3 Ra8 16. Red1 Rhd8 17. Na4 Qc6 18. Nc3 Nd7 19. Ra4 Nc5 20. Bxc5 dxc5
21. a6+ Kc8 22. Qf3 Rxd1+ 23. Qxd1 Bf6 24. Ra1 Bxc3 25. bxc3 Qd6 26. Qg4 Qe7
27. Rd1 c6 28. e5 Kc7 29. Rd6 Qg5 30. Qxg5 hxg5 31. Rxe6 Rd8 32. Re7+ Rd7 33.
Rxd7+ Kxd7 34. g3 c4 35. Kf1 Ke6 36. f4 gxf4 37. gxf4 Kf5 38. h4 1-0

[Event "ODEM U25 2010"]
[Site "Oberhof GER"]
[Date "2010.05.25"]
[Round "4"]
[White "Twerskoi, David"]
[Black "Oltmanns, Bianca"]
[Result "1-0"]
[Termination "normal"]
[Board "24"]
[WhiteElo "1632"]
[BlackElo "1402"]
[PlyCount "113"]
[BlackFideId "24698008"]
[EventCountry "GER"]
[EventRounds "9"]
[EventType "swiss"]
[EventDate "2010.05.22"]

1. c4 f5 2. d4 Nf6 3. Nf3 e6 4. a3 Be7 5. e3 O-O 6. Be2 b6 7. O-O Bb7 8. Nc3
Qe8 9. Nb5 Bd8 10. Bd2 a6 11. Nc3 Qg6 12. Ne1 Nc6 13. f3 Nh5 14. Nd3 Bg5 15. d5
Ne7 16. f4 Nf6 17. fxg5 Qxg5 18. Bf3 exd5 19. cxd5 Nexd5 20. Nxd5 Bxd5 21.
Bxd5+ Nxd5 22. Qb3 f4 23. e4 Kh8 24. Qxd5 Qe7 25. Nxf4 Rae8 26. Rae1 c6 27. Qh5
Kg8 28. Bc3 Qd6 29. Qg5 Re7 30. Nh5 Rxf1+ 31. Rxf1 Qc5+ 32. Qxc5 bxc5 33. e5 g6
34. Nf6+ Kg7 35. Nxd7 c4 36. e6+ Kh6 37. Nc5 a5 38. Bf6 Re8 39. e7 a4 40. Ne4
c3 41. Nxc3 c5 42. Nxa4 c4 43. Rd1 c3 44. Nxc3 g5 45. Rd8 Rxe7 46. Bxe7 Kh5 47.
Bb4 g4 48. g3 Kg5 49. Rf8 h5 50. a4 h4 51. a5 h3 52. a6 Kg6 53. a7 Kg7 54. a8=Q
Kg6 55. Qa6+ Kg5 56. Qf6+ Kh5 57. Rh8# 1-0

[Event "ODEM U25 2010"]
[Site "Oberhof GER"]
[Date "2010.05.25"]
[Round "4"]
[White "Klosa, Kevin"]
[Black "Orhan, Eda"]
[Result "1/2-1/2"]
[Termination "normal"]
[Board "25"]
[WhiteElo "1493"]
[BlackElo "1778"]
[PlyCount "69"]
[WhiteFideId "12900206"]
[BlackFideId "24659258"]
[EventCountry "GER"]
[EventRounds "9"]
[EventType "swiss"]
[EventDate "2010.05.22"]

1. e4 d5 2. exd5 Qxd5 3. Nc3 Qd6 4. d4 Nf6 5. Nf3 c6 6. Bd3 Bg4 7. Be3 e6 8. h3
Bh5 9. O-O Nbd7 10. Ne4 Nxe4 11. Bxe4 Nf6 12. Bd3 Qc7 13. c3 Bd6 14. Qe2 O-O
15. Bg5 Nd5 16. Rfe1 h6 17. Bd2 c5 18. g4 Bg6 19. Bxg6 fxg6 20. Qxe6+ Qf7 21.
Qxf7+ Rxf7 22. Ne5 Bxe5 23. Rxe5 Rd8 24. Rae1 cxd4 25. Re8+ Rf8 26. Rxf8+ Kxf8
27. cxd4 Kf7 28. Kg2 g5 29. Re5 Kf6 30. Kf3 Ne7 31. Ke4 Nc6 32. Rf5+ Ke7 33.
Rd5 Rf8 34. Re5+ Kd7 35. Rd5+ 1/2-1/2

[Event "ODEM U25 2010"]
[Site "Oberhof GER"]
[Date "2010.05.25"]
[Round "4"]
[White "Mehling, Franziska"]
[Black "Arsen, Abrahamyan"]
[Result "0-1"]
[Termination "normal"]
[Board "26"]
[WhiteElo "1477"]
[BlackElo "1664"]
[PlyCount "116"]
[WhiteFideId "12900133"]
[EventCountry "GER"]
[EventRounds "9"]
[EventType "swiss"]
[EventDate "2010.05.22"]

1. d4 Nf6 2. c4 d6 3. Nc3 Nbd7 4. e4 g6 5. f3 Bg7 6. Be3 O-O 7. Qd2 e5 8. O-O-O
exd4 9. Bxd4 Nb6 10. Kb1 Be6 11. Nd5 Nbxd5 12. cxd5 Bd7 13. Ne2 b5 14. Rc1 Ne8
15. Bxg7 Nxg7 16. Nd4 Qb8 17. Nc6 Bxc6 18. Rxc6 a5 19. Be2 b4 20. Rhc1 Ra7 21.
Qd3 Rd8 22. Qc4 Ne8 23. Qb5 Qxb5 24. Bxb5 Rb7 25. Ba4 Rc8 26. Ra6 f5 27. exf5
gxf5 28. Rxa5 Nf6 29. Bc6 Rbb8 30. Re1 Kf7 31. Ra7 b3 32. a3 h6 33. Re6 Kg6 34.
Re7 Ne8 35. Kc1 Kf6 36. Re6+ Kg5 37. Kd2 Ng7 38. Re7 Ne8 39. g3 h5 40. h4+ Kg6
41. Re6+ Nf6 42. Bd7 Ra8 43. Rb7 Rd8 44. Rxc7 Ra5 45. Rxd6 Rxd5+ 46. Rxd5 Nxd5
47. Rc6+ Nf6 48. Rd6 Kg7 49. Kc3 Nxd7 50. Kxb3 Nc5+ 51. Kc4 Rxd6 52. Kxc5 Rd3
53. b4 Rxa3 54. b5 Rxf3 55. b6 Rxg3 56. b7 Rb3 57. Kc6 f4 58. Kc7 Rxb7+ 0-1

[Event "ODEM U25 2010"]
[Site "Oberhof GER"]
[Date "2010.05.25"]
[Round "4"]
[White "Grötzbach, Daniel"]
[Black "Weber, Yannik"]
[Result "1-0"]
[Termination "normal"]
[Board "27"]
[WhiteElo "1798"]
[BlackElo "1285"]
[PlyCount "53"]
[WhiteFideId "24692166"]
[BlackFideId "24692700"]
[EventCountry "GER"]
[EventRounds "9"]
[EventType "swiss"]
[EventDate "2010.05.22"]

1. e4 e5 2. Nf3 Nc6 3. Bb5 a6 4. Ba4 Bc5 5. O-O b5 6. Bb3 d6 7. h3 Qf6 8. d3
Nd4 9. Nxd4 Bxd4 10. Bd5 Rb8 11. Bc6+ Kf8 12. Nc3 Qg6 13. Kh2 Ne7 14. Bd5 Bxc3
15. bxc3 a5 16. a4 c6 17. Bb3 bxa4 18. Bxa4 f6 19. f4 h6 20. Qe2 Kg8 21. Bb3+
Kh7 22. Rxa5 f5 23. fxe5 fxe4 24. Bf7 exd3 25. Bxg6+ Kxg6 26. Qxd3+ Bf5 27.
Qxd6+ 1-0

[Event "ODEM U25 2010"]
[Site "Oberhof GER"]
[Date "2010.05.25"]
[Round "4"]
[White "Senf, Paul"]
[Black "Kirn, Philipp Sebastian"]
[Result "0-1"]
[Termination "normal"]
[Board "28"]
[WhiteElo "1593"]
[BlackElo "1099"]
[PlyCount "132"]
[WhiteFideId "12900389"]
[EventCountry "GER"]
[EventRounds "9"]
[EventType "swiss"]
[EventDate "2010.05.22"]

1. e4 d5 2. exd5 Nf6 3. d4 Nxd5 4. c4 Nf6 5. Nc3 Bf5 6. Nf3 e6 7. Bf4 Bb4 8.
Bd3 Ne4 9. Bxe4 Bxe4 10. a3 Bxc3+ 11. bxc3 c6 12. O-O Qf6 13. Bd6 Nd7 14. Re1
Bxf3 15. Qxf3 Qxf3 16. gxf3 O-O-O 17. c5 Nf6 18. a4 Nd5 19. c4 Nb4 20. Re2 b6
21. a5 bxc5 22. Bxc5 Nd3 23. Bxa7 Kb7 24. Bb6 Ra8 25. Rb1 Kc8 26. Re4 Kd7 27.
Re3 Nf4 28. Ra3 Rhb8 29. Rba1 Nd3 30. Rb3 Ra6 31. Kg2 Nf4+ 32. Kf1 Nd3 33. Ke2
Rxa5 34. Rxa5 Nc1+ 35. Kd1 Nxb3 36. Ra7+ Ke8 37. Bc7 Rc8 38. Bd6 Rd8 39. c5
Nxd4 40. Re7+ Kf8 41. Rxe6+ Kg8 42. Re3 Nf5 43. Rd3 f6 44. f4 Kf7 45. Kc2 Nxd6
46. cxd6 Ke6 47. Rh3 Rxd6 48. Rxh7 Kf7 49. f5 Rd4 50. Rh3 Rf4 51. f3 Rxf5 52.
Kc3 Ke6 53. Kc4 c5 54. Rg3 g5 55. Kc3 Kd5 56. Kd3 Rf4 57. Kc3 Rd4 58. Rg2 c4
59. Rf2 Rd3+ 60. Kb2 Kd4 61. Kc2 c3 62. h3 Ke3 63. Rh2 Rd2+ 64. Rxd2 cxd2 65.
Kd1 Kxf3 66. Kxd2 Kg3 0-1

[Event "ODEM U25 2010"]
[Site "Oberhof GER"]
[Date "2010.05.25"]
[Round "4"]
[White "Kühne, Niklas"]
[Black "Erben, Katrin"]
[Result "1-0"]
[Termination "normal"]
[Board "29"]
[WhiteElo "1652"]
[BlackElo "1044"]
[PlyCount "93"]
[WhiteFideId "24690015"]
[BlackFideId "24692743"]
[EventCountry "GER"]
[EventRounds "9"]
[EventType "swiss"]
[EventDate "2010.05.22"]

1. c4 e5 2. Nc3 Nc6 3. g3 Nf6 4. Bg2 Bb4 5. Nf3 d6 6. O-O O-O 7. d3 h6 8. Bd2
Bg4 9. a3 Bxc3 10. Bxc3 Re8 11. e4 Qd7 12. Qd2 b6 13. b4 a6 14. a4 Reb8 15.
Rfc1 Qe6 16. Ne1 Ne7 17. Nc2 c5 18. b5 a5 19. Ne3 Bh3 20. Rf1 Bxg2 21. Kxg2 Ng4
22. f4 Nxe3+ 23. Qxe3 f6 24. f5 Qf7 25. Qf3 Rf8 26. Bd2 g5 27. h4 Kg7 28. Rh1
Rh8 29. Rh2 Rh7 30. Rah1 Rah8 31. g4 Qg8 32. Rh3 Kf7 33. Kf2 Kg7 34. Rb1 Qa8
35. Qh1 Qa7 36. Qc1 Rg8 37. Qb2 Rc8 38. Kf3 Qa8 39. Be3 Rhh8 40. Rbh1 Qb7 41.
Qh2 Qa8 42. hxg5 hxg5 43. Rh7+ Kf8 44. Rxh8+ Ng8 45. Rxg8+ Kxg8 46. Qh8+ Kf7
47. Rh7# 1-0